LEADER 00730naa a2200145 i 4500 001 000000302712 003 CaOOAMICUS 005 20180831172746.0 008 180831n xx u000 u und u 013 $a10446 040 $aSeMil$bita 100 1 $aFranceschini, Adriano.$0(OLS)http://semarc/name/86894 245 10$aNote sull'assistenza ospedaliera a Ferrara nel secolo 15. 773 0 $aCentro studi e ricerche sulla antica provincia ecclesiastica ravennate$tAtti del convegno di Reggio Emilia.$dCesena : Badia di Santa Maria del Monte, 1984.$kRavennatensia / Centro studi e ricerche sulla antica provincia ecclesiastica ravennate$w()36481 996 $6245$aNote sull'assistenza ospedaliera a Ferrara nel secolo 15.$9(OLS)http://semarc/title/378680 LEADER 01062nas a2200229 i 4500 001 000000221895 003 CaOOAMICUS 005 20131203000000.0 008 130827b2000 it uu u0 0ita r 013 $a200792 040 $aSeMil$bita 245 12$aL'amore tra i giovani :$bnuove tendenze e valori di sempre ; Lettera dei vescovi tedeschi sulla sessualità [Dossier]. 260 $aAlba (CN) :$bPeriodici San Paolo,$c2000. 300 $a105, XII p. :$bill., grafici, tabelle ;$c24 cm. 500 $aTitoli dalla copertina. 773 0 $tFamiglia Oggi.$dAlba (CN) : Periodici San Paolo, 1983-2015.$w()23806 774 0 $t[vedi periodico].$w()279659 850 $aSeMil 852 $aSeMil$W1$xVenegono$y1$m99 4 23/10$j172244$B172244$CSeMilBibl$Z2$F186064 $85 961 $aOmaggio: Fumagalli don Aristide 996 $6245$aL'amore tra i giovani :$bnuove tendenze e valori di sempre ; Lettera dei vescovi tedeschi sulla sessualità [Dossier]$9(OLS)http://semarc/title/318112 996 $6260$aAlba (CN) :$bPeriodici San Paolo$9(OLS)http://semarc/publisher/30721